ARRUPE JESUIT UNIVERSITY

CORONAVIRUS -STOP THE SPREAD - CLEAN,DISINFECT,COVER

Syncretism (Record no. 119917)

MARC details
000 -LEADER
fixed length control field 01542cam a2200409La 4500
001 - CONTROL NUMBER
control field 4250296
003 - CONTROL NUMBER IDENTIFIER
control field ARRUPE
005 - DATE AND TIME OF LATEST TRANSACTION
control field 20140204144245.0
006 - FIXED-LENGTH DATA ELEMENTS--ADDITIONAL MATERIAL CHARACTERISTICS--GENERAL INFORMATION
fixed length control field m u
007 - PHYSICAL DESCRIPTION FIXED FIELD--GENERAL INFORMATION
fixed length control field cr cn-
008 - FIXED-LENGTH DATA ELEMENTS--GENERAL INFORMATION
fixed length control field 020417s2001 nyu sb s001 0 eng d
020 ## - INTERNATIONAL STANDARD BOOK NUMBER
International Standard Book Number 0791449416 (electronic bk.)
035 ## - SYSTEM CONTROL NUMBER
System control number (OCoLC)49852547
035 ## - SYSTEM CONTROL NUMBER
System control number (OCoLC)ocm49852547
035 ## - SYSTEM CONTROL NUMBER
System control number (N$T)ocm49852547
035 ## - SYSTEM CONTROL NUMBER
System control number (NNC)4250296
040 ## - CATALOGING SOURCE
Original cataloging agency N$T
Transcribing agency N$T
Modifying agency OCLCQ
043 ## - GEOGRAPHIC AREA CODE
Geographic area code a-kr---
050 14 - LIBRARY OF CONGRESS CALL NUMBER
Classification number BR1327
Item number .C48 2001eb
082 04 - DEWEY DECIMAL CLASSIFICATION NUMBER
Classification number 275.19082
Edition number 21
300 ## - PHYSICAL DESCRIPTION
Dimensions 24 cm.
100 1# - MAIN ENTRY--PERSONAL NAME
Personal name Chung, David,
Dates associated with a name 1917-
9 (RLIN) 7855
245 10 - TITLE STATEMENT
Title Syncretism
Medium [electronic resource] :
Remainder of title the religious context of Christian beginnings in Korea /
Statement of responsibility, etc David Chung ; edited by Kang-nam Oh.
260 ## - PUBLICATION, DISTRIBUTION, ETC. (IMPRINT)
Place of publication, distribution, etc Albany :
Name of publisher, distributor, etc State University of New York Press,
Date of publication, distribution, etc c2001.
300 ## - PHYSICAL DESCRIPTION
Extent xiii, 263 p. ;
490 1# - SERIES STATEMENT
Series statement SUNY series in Korean studies
504 ## - BIBLIOGRAPHY, ETC. NOTE
Bibliography, etc Includes bibliographical references (p. 221-235) and index.
533 ## - REPRODUCTION NOTE
Type of reproduction Electronic reproduction.
Place of reproduction Boulder, Colo. :
Agency responsible for reproduction NetLibrary,
Date of reproduction 2002.
Note about reproduction Available via World Wide Web.
-- Access may be limited to NetLibrary affiliated libraries.
651 #0 - SUBJECT ADDED ENTRY--GEOGRAPHIC NAME
Geographic name Korea
General subdivision Church history.
9 (RLIN) 7856
655 #7 - INDEX TERM--GENRE/FORM
Genre/form data or focus term Electronic books.
Source of term local
9 (RLIN) 7857
700 1# - ADDED ENTRY--PERSONAL NAME
Personal name O, Kang-nam,
Dates associated with a name 1941-
9 (RLIN) 7858
710 2# - ADDED ENTRY--CORPORATE NAME
Corporate name or jurisdiction name as entry element NetLibrary, Inc.
9 (RLIN) 12
776 1# - ADDITIONAL PHYSICAL FORM ENTRY
Qualifying information Original
International Standard Book Number 0791449416
Record control number (DLC) 00041985
830 #0 - SERIES ADDED ENTRY--UNIFORM TITLE
Uniform title SUNY series in Korean studies.
9 (RLIN) 7859
856 4# - ELECTRONIC LOCATION AND ACCESS
Uniform Resource Identifier <a href="http://www.columbia.edu/cgi-bin/cul/resolve?clio4250296">http://www.columbia.edu/cgi-bin/cul/resolve?clio4250296</a>
Public note Click here for full text.
942 ## - ADDED ENTRY ELEMENTS (KOHA)
Source of classification or shelving scheme Library of Congress Classification
Koha item type Monograph ( Printed materials)
Holdings
Withdrawn status Lost status Source of classification or shelving scheme Damaged status Not for loan Collection code Home library Current library Shelving location Date acquired Total Checkouts Full call number Barcode Date last seen Price effective from Koha item type
    Library of Congress Classification     Main Collection ARRUPE LIBRARY ARRUPE LIBRARY Main Collection 04/02/2014   BR1327 .C48 2001 46411965 15/11/2016 04/02/2014 Monograph ( Printed materials)

 

Arrupe Library. PO Box MP320 Mt Pleasant, Harare, Zimbabwe
263 242 745411|librarian@aju.ac.zw